00729nam a2200217Ia 450000500170000000800410001702000150005804100080007308200160008110000240009724501180012125000220023930000410026165000370030265000220033926400270036133600270038833700330041533800280044804000350047620220316235936.0141017s1994 ck a gr 000 0 spa  a95804277390 aspa04a155.4bB71S1 aBrazelton, T. Berry10aSu hijo bmomentos claves en su desarrollo desde el período prenatal hasta los seis años cT. Berry Brazelton aPrimera edición a542 páginas bilustracionesc24 cm14aNiñosxCuidado e higiene2LEMB14aPediatría2LEMB aBogotá bNormac1994 atextobtxt2rdacontent asin mediaciónbn2rdamedia avolumenbnc2rdacarrier aCO-BoRNBPbspaerdacCO-BoRNBP